书目信息 |
| 题名: |
造气
|
|
| 作者: | ;江苏省燃化局 编 | |
| 分册: | ||
| 出版信息: | 北京 燃料化学工业出版社 1973 |
|
| 页数: | 84页 | |
| 开本: | 20cm | |
| 丛书名: | ||
| 单 册: | ||
| 中图分类: | TQ517.2 | |
| 科图分类: | ||
| 主题词: | 燃料--种类 , 燃料--性质 | |
| 电子资源: | ||
| ISBN: | ||
| 000 | 00652nam0 2200205 450 | |
| 001 | 0633699160 | |
| 005 | 20060810160103.81 | |
| 010 | @dCNY0.22 | |
| 100 | @a20060517d1973 km y0chiy0120 ea | |
| 101 | 0 | @achi |
| 200 | 1 | @a造气@Azao qi@e双加压流程碳酸氢铵生产@f江苏省燃化局编@Fjiang su sheng ran hua ju bian |
| 210 | @a北京@c燃料化学工业出版社@d1973 | |
| 215 | 1 | @a84页@d20cm |
| 517 | 1 | @a双加压流程碳酸氢铵生产@Ashuang jia ya liu cheng tan suan qing an sheng chan |
| 606 | 0 | @a燃料@x种类 |
| 606 | 0 | @a燃料@x性质 |
| 690 | @aTQ517.2@v4 | |
| 711 | 0 | @a江苏省燃化局@Ajiang su sheng ran hua ju@4编 |
| 801 | 0 | @aCN@bPFT@c20060810 |
| 905 | @a10447@dTQ517.2@e1 | |
| 造气:双加压流程碳酸氢铵生产/江苏省燃化局编.-北京:燃料化学工业出版社,1973 |
| 84页;20cm |
| ISBN :CNY0.22 |
| ● |
| 相关链接 |
|
|
|
|
正题名:造气
索取号:TQ517.2/1
 
预约/预借
| 序号 | 登录号 | 条形码 | 馆藏地/架位号 | 状态 | 备注 |
| 1 | 0016288 | 202347246 | 密集书库/ [索取号:TQ517.2/1] | 在馆 | |
| 2 | 0452179 | 204521794 | 密集书库/ [索取号:TQ517.2/1] | 在馆 |